Science Quiz

Random Science or Math Quiz

Think Fast Math II Quiz Stats

 Plays Quiz Updated Aug 16, 2018

Also try: Think Fast Math
Challenge
Share
Tweet
Embed
Score 0/12 Timer 01:30
3 Plays Today
Question Answer Wrong Answers
6 and 2 10
88%
8
6.9%
4
2.2%
12
2.8%
24 and 6 6
77.7%
18
3.5%
30
3.2%
144
8.6%
21 and 7 12
76.6%
28
2.5%
3
3.9%
147
5.8%
36 and 6 218
71.1%
6
5.6%
42
5.1%
30
4.4%
9 and -3 3
69.4%
6
6.7%
12
18.5%
-27
3.9%
9 and -9 9
67.6%
0
5.7%
18
14.9%
-81
2.9%
48 and 8 9
67%
6
3.6%
40
2.3%
384
4.6%
40 and 20 8000
65.9%
60
6%
20
10.5%
2
13.5%
-18 and -9 27
53.7%
2
6.4%
162
11.1%
-9
10.8%
75 and -5 -13
43.5%
80
10.9%
70
4.2%
-375
12.2%
10 and 0.5 50
27.3%
5
9.2%
9.5
6.1%
20
8.5%
3 and 6 3
27.1%
9
2.9%
-3
19.1%
0.5
13.4%

You're not logged in!

Compare scores with friends on all Sporcle quizzes.
OR
Log In

You Might Also Like...

Show Comments

Extras

Top Quizzes Today


Score Distribution

Your Account Isn't Verified!

In order to create a playlist on Sporcle, you need to verify the email address you used during registration. Go to your Sporcle Settings to finish the process.

Report this User

Report this user for behavior that violates our Community Guidelines.

Details: